Lovefool - The Cardigans - All Lyrics - Statistics

General Stats
  • This quiz has been taken 127 times
  • The average score is 258 of 302
Answer Stats
Answer % Correct
love
100%
Love
100%
me
100%
me,
100%
me)
100%
You
100%
you
100%
you)
100%
a
99%
A
99%
I
99%
(I
99%
Say
96%
say
96%
(Say
96%
that
96%
That
96%
And
94%
and
94%
Fool
93%
fool
93%
on
93%
to
90%
do
89%
Go
89%
go
89%
(Go
89%
So
86%
beg
83%
But
83%
but
83%
cry,
82%
cry
82%
Just
81%
need
81%
can
79%
no
79%
pray,
79%
know
78%
'bout
76%
for
76%
anything
74%
(Anything
74%
can't
74%
care
74%
don't
74%
make
74%
think
74%
long
72%
another
71%
Dear,
71%
Pretend
71%
we're
71%
is
69%
longer,
69%
man
69%
problem
69%
fear
68%
facing
67%
Leave
67%
leave
67%
shouldn't
67%
not
65%
there
65%
nothing
64%
bother
61%
deserves
61%
tells
60%
stay
58%
in
57%
Mama
56%
stick
56%
as
54%
if
54%
surely
54%
have
51%
really
51%
What
51%
could
50%
ought
50%
way
49%
will
49%
wonder
49%
my
47%
Lately
46%
desperately
44%
maybe
42%
done
40%
pondered
39%
nights
38%
up
38%
awake
36%
confusion
36%
Reason
36%
lost
35%
Spent
35%
solution
33%
end
32%
reach
14%
No matching quizzes found
Score Distribution
Percent of People with Each Score
Percentile by Number Answered
Your Score History
You have not taken this quiz